[Event "HUN-chT2 Toth 2324"]
[Site "Hungary"]
[Date "2023.12.10"]
[Round "3.10"]
[White "Fulajtar, Istvan"]
[Black "Kralik, Attila"]
[Result "0-1"]
[WhiteElo "1696"]
[BlackElo "1591"]
[PlyCount "76"]
[EventDate "2023.10.08"]
[EventType "team-tourn"]
[EventRounds "9"]
[EventCountry "HUN"]
[SourceTitle "EXT 2025"]
[Source "ChessBase"]
[SourceDate "2024.10.14"]
[SourceVersion "1"]
[SourceVersionDate "2024.10.14"]
[SourceQuality "1"]
[WhiteTeam "Bekesszentandras"]
[BlackTeam "Mako Duocor II"]
[WhiteTeamCountry "HUN"]
[BlackTeamCountry "HUN"]

1. e4 d6 2. d4 b6 3. Nf3 Bb7 4. Bd3 g6 5. Be3 Bg7 6. 0-0 Nd7 7. c3 Ngf6 8. Nbd2 c5 9. Rc1 0-0 10. b3 e5 11. d5 h6 12. Ne1 g5 13. g4 Bc8 14. h3 Kh7 15. Kh2 Rg8 16. f3 Nf8 17. Rg1 Ng6 18. Bf2 Nf4 19. Bg3 Qd7 20. Bxf4 gxf4 21. Bf1 Bf8 22. Qe2 a6 23. c4 Be7 24. Nd3 Ne8 25. Qf2 Qd8 26. Bg2 Bh4 27. Qe2 Bg3+ 28. Kh1 Qh4 29. Nf1 h5 30. Nh2 Nf6 31. Bf1 Bd7 32. Rc2 Rg6 33. Nf2 Rag8 34. Rg2 Kg7 35. a3 Kf8 36. Nd3 hxg4 37. hxg4 Nxg4 38. fxg4 Bxg4 0-1